| 000 | 00409nam a22001337a 4500 | ||
|---|---|---|---|
| 999 |
_c15711 _d15711 |
||
| 008 | 201103b ||||| |||| 00| 0 eng d | ||
| 082 |
_21980 _aDFil 657 _bP26 |
||
| 100 |
_aPasion, D.S. _942500 |
||
| 245 |
_aAccounting: _b introductory. Part 2/ _cD.S. Pasion |
||
| 260 |
_aQuezon City: _bPhoenix Pub. House, _c©1980. |
||
| 300 |
_avi, 306 pages; _c 21 cm. |
||
| 650 |
_aAccounting. _942502 |
||
| 942 |
_2ddc _cDFIL |
||